Countries of the world in alphabetical order - Statistics

General Stats
  • This quiz has been taken 93 times
  • The average score is 124 of 196
Answer Stats
Hint Answer % Correct
Europe Andorra
98%
Asia Afghanistan
92%
Europe Albania
90%
South America Argentina
88%
Africa Angola
86%
North America Antigua and Barbuda
86%
Africa Algeria
84%
Asia Armenia
84%
Oceania Australia
84%
Europe Belgium
84%
North America Canada
84%
Europe Austria
82%
North America Barbados
82%
South America Bolivia
82%
Asia China
82%
Europe Finland
82%
Asia Azerbaijan
80%
South America Brazil
80%
Europe Croatia
80%
Europe France
80%
Europe Belarus
78%
Africa Benin
78%
Asia Bhutan
78%
Africa Botswana
78%
South America Chile
78%
Europe Estonia
78%
Africa Gambia
78%
North America Haiti
78%
Europe Iceland
78%
North America Belize
76%
Africa Cameroon
76%
Africa Chad
76%
Europe Denmark
76%
North America Dominica
76%
North America Dominican Republic
76%
North America Guatemala
76%
South America Guyana
76%
Asia Iran
76%
Asia Iraq
76%
Europe Ireland
76%
North America Jamaica
76%
Asia Kuwait
76%
Africa Libya
76%
North America Bahamas
73%
Asia Bangladesh
73%
Africa Burundi
73%
South America Colombia
73%
Africa Democratic Republic of the Congo
73%
South America Ecuador
73%
Africa Ghana
73%
Europe Hungary
73%
Asia India
73%
Europe Latvia
73%
Asia Bahrain
71%
Europe Bosnia and Herzegovina
71%
Europe Bulgaria
71%
Asia Cambodia
71%
Africa Comoros
71%
Africa Djibouti
71%
Africa Egypt
71%
North America El Salvador
71%
Africa Eritrea
71%
Africa Gabon
71%
Europe Germany
71%
Africa Guinea
71%
North America Honduras
71%
Asia Indonesia
71%
Asia Israel
71%
Asia Japan
71%
Africa Liberia
71%
Europe Lithuania
71%
Asia Mongolia
71%
Asia Brunei
69%
Africa Central African Republic
69%
North America Cuba
69%
Africa Ethiopia
69%
Oceania Fiji
69%
Asia Kazakhstan
69%
Africa Kenya
69%
Europe Kosovo
69%
Asia Lebanon
69%
North America Mexico
69%
Asia Cyprus
67%
Africa Eswatini
67%
Asia Georgia
67%
North America Grenada
67%
Africa Guinea-Bissau
67%
Asia Laos
67%
Africa Lesotho
67%
Europe Liechtenstein
67%
Africa Mali
67%
Europe Malta
67%
Europe Montenegro
67%
Africa Burkina Faso
65%
North America Costa Rica
65%
Europe Czech Republic
65%
Africa Equatorial Guinea
65%
Europe Greece
65%
Europe Luxembourg
65%
Africa Madagascar
65%
Africa Republic of the Congo
65%
Europe Italy
63%
Africa Ivory Coast
63%
Asia Jordan
63%
Oceania Kiribati
63%
Asia Malaysia
63%
Africa Malawi
61%
Asia Maldives
61%
Oceania Marshall Islands
61%
Europe Monaco
61%
Africa Niger
61%
Africa Nigeria
61%
Europe Norway
61%
Africa Cape Verde
59%
Asia East Timor
59%
Oceania Federated States of Micronesia
59%
Asia Kyrgyzstan
59%
Africa Mauritania
59%
Europe Moldova
59%
Europe Netherlands
59%
Asia North Korea
59%
Europe North Macedonia
59%
Asia Oman
59%
North America United States
59%
Africa Mauritius
57%
Oceania New Zealand
57%
South America Peru
57%
Europe Portugal
57%
Europe Russia
57%
Asia Myanmar
55%
Africa Namibia
55%
Asia Nepal
55%
North America Panama
55%
Oceania Papua New Guinea
55%
South America Paraguay
55%
Africa Rwanda
55%
Europe Sweden
55%
Africa Morocco
53%
Africa Mozambique
53%
Oceania Nauru
53%
Asia Pakistan
53%
Europe San Marino
53%
Asia South Korea
53%
Europe United Kingdom
53%
North America Nicaragua
51%
Europe Spain
51%
Asia Yemen
51%
Oceania Palau
49%
Asia Qatar
49%
North America Saint Kitts and Nevis
49%
North America Saint Lucia
49%
Oceania Samoa
49%
Africa Somalia
49%
Africa Sudan
49%
Europe Switzerland
49%
Asia Turkmenistan
49%
South America Uruguay
49%
Europe Vatican City
49%
Africa Zambia
49%
Europe Poland
47%
Europe Romania
47%
North America Saint Vincent and the Grenadines
47%
Europe Serbia
47%
Europe Slovakia
47%
Europe Slovenia
47%
Africa South Africa
47%
Africa South Sudan
47%
Asia Taiwan
47%
Africa Togo
47%
Africa Uganda
47%
Europe Ukraine
47%
Asia Saudi Arabia
45%
Africa Senegal
45%
Asia Singapore
45%
Asia Syria
45%
Asia Tajikistan
45%
North America Trinidad and Tobago
45%
Africa Tunisia
45%
Asia Turkey
45%
Asia United Arab Emirates
45%
Asia Uzbekistan
45%
Africa Zimbabwe
45%
Africa Seychelles
43%
Africa Sierra Leone
43%
Oceania Solomon Islands
43%
South America Suriname
43%
Africa Tanzania
43%
Asia Thailand
43%
South America Venezuela
43%
Asia Vietnam
43%
Asia Philippines
41%
Asia Sri Lanka
41%
Africa São Tomé and Príncipe
37%
Oceania Tonga
37%
Oceania Tuvalu
37%
Oceania Vanuatu
37%
No matching quizzes found
Score Distribution
Percent of People with Each Score
Percentile by Number Answered
Your Score History
You have not taken this quiz